Catálogo - Centro de Recursos para el Aprendizaje y la Investigación

Volver al Sitio - CRAI Biblioteca

Resoluciones de interés general de la Suprema Corte de Justicia 2008 (Registro nro. 112938)

Detalles MARC
000 -CABECERA
campo de control de longitud fija 01282nam a22002537a 4500
001 - NÚMERO DE CONTROL
campo de control 112938
003 - IDENTIFICADOR DEL NÚMERO DE CONTROL
campo de control DR-UNIBE
005 - FECHA Y HORA DE LA ÚLTIMA TRANSACCIÓN
campo de control 20260216092047.0
008 - DATOS DE LONGITUD FIJA--INFORMACIÓN GENERAL
campo de control de longitud fija 240709b2008 dr ||||| |||| 00| 0 spa d
040 ## - FUENTE DE LA CATALOGACIÓN
Centro catalogador/agencia de origen BIBLIOTECA UNIBE
Centro/agencia transcriptor BIBLIOTECA UNIBE
Normas de descripción rda
041 ## - CÓDIGO DE LENGUA
Código de lengua del texto/banda sonora o título independiente spa
Código de lengua original spa
082 ## - NÚMERO DE LA CLASIFICACIÓN DECIMAL DEWEY
Número de clasificación RD 347.7293 R426r 2008
110 10 - ENTRADA PRINCIPAL--NOMBRE DE ENTIDAD CORPORATIVA
9 (RLIN) 8757
Nombre de entidad corporativa o nombre de jurisdicción como elemento de entrada República Dominicana. Suprema Corte de Justicia
Término indicativo de función/relación autor
245 10 - MENCIÓN DE TÍTULO
Título Resoluciones de interés general de la Suprema Corte de Justicia 2008
250 ## - MENCIÓN DE EDICIÓN
Mención de edición Primera edición
260 ## - PUBLICACIÓN, DISTRIBUCIÓN, ETC.
Lugar de publicación, distribución, etc. Santo Domingo :
Nombre del editor, distribuidor, etc. Suprema Corte de Justica,
Fecha de publicación, distribución, etc. 2008
300 ## - DESCRIPCIÓN FÍSICA
Extensión 105 páginas :
Dimensiones 20 x 13 cm
505 ## - NOTA DE CONTENIDO CON FORMATO
Nota de contenido con formato Resolución Núm. 480-2008 |<br/>Resolución Núm. 926-2008 |<br/>Resolución Núm. 1924-2008 |<br/>Resolución Núm. 1960-2008 |<br/>Título I. De los sistemas de escalafón judicial y provisión de cargos judiciales |<br/>Título II. Des sistema de provisión de cargos judiciales |<br/>Resolución 3471-2008<br/><br/>
651 #7 - PUNTO DE ACCESO ADICIONAL DE MATERIA--NOMBRE GEOGRÁFICO
Fuente del encabezamiento o término lemb
Nombre geográfico República Dominicana
Subdivisión general Suprema Corte de Justicia
-- Resoluciones
9 (RLIN) 202433
700 #0 - PUNTO DE ACCESO ADICIONAL--NOMBRE DE PERSONA
Nombre de persona Subero Isa, Jorge A.,
Fechas asociadas al nombre 1947-
Término indicativo de función/relación presentador
9 (RLIN) 15642
700 10 - PUNTO DE ACCESO ADICIONAL--NOMBRE DE PERSONA
Nombre de persona Soto Ortíz, Francisco E.
Término indicativo de función/relación diseñador de portada
9 (RLIN) 154631
710 10 - PUNTO DE ACCESO ADICIONAL--NOMBRE DE ENTIDAD CORPORATIVA
9 (RLIN) 154572
Nombre de entidad corporativa o nombre de jurisdicción como elemento de entrada Centro de Documentación e Información Judicial Dominicano (CENDIJD)
Término indicativo de función/relación diagramador
942 ## - ELEMENTOS DE PUNTO DE ACCESO ADICIONAL (KOHA)
Fuente del sistema de clasificación o colocación Sistema de Clasificación Decimal Dewey
Tipo de ítem Koha Libro (general)
Existencias
Estado de retiro Estado de pérdida Fuente del sistema de clasificación o colocación No para préstamo Código de colección Localización permanente Fecha de adquisición Total de préstamos Signatura topográfica completa Código de barras Fecha visto por última vez Número de copia Precio válido a partir de Tipo de ítem Koha
  Disponible Sistema de Clasificación Decimal Dewey   General - Libros dominicanos Biblioteca Central UNIBE 09/07/2024   RD 347.7293 R426r 2008 240823 09/07/2024 Ej. 1 09/07/2024 Libro (general)
  Disponible Sistema de Clasificación Decimal Dewey   General - Libros dominicanos Biblioteca Central UNIBE 09/07/2024   RD 347.7293 R426r 2008   22/11/2024 Ej.1 09/07/2024 Libro (general)